00353pab a2200145 454500008004000000100001900040245002500059260000900084300000900093362001100102650001600113650003000129650002200159773002600181180718b2001 xxu||||| |||| 00| 0 eng d aBhandare, S.S. aThe blurry beanstalk c2001 ap.14 a12 Jul aAgriculture aRural development - India aRural development aHindu (Business Line)